LEADER 01111nas--2200373---450- 001 990003132850203316 005 20151130160404.0 035 $a000313285 035 $aUSA01000313285 035 $a(ALEPH)000313285USA01 035 $a000313285 100 $a20080728a----9999km-y0itaa50------ba 101 0 $aita 102 $aIT 110 $aafazz--|||| 200 1$aHarvard Business Review Italia 210 $aMilano$cStrategiqs 215 $avolumi$cill.$d28 cm 300 $aComincia nel 1994 300 $aDescrizione basata su: n.1-2 (2008) 326 $aMensile 606 0 $aAziende$xGestione$xPeriodici$2BNCF 676 $a658.005 801 0$aIT$bsalbc$gISBD 912 $a990003132850203316 958 $aECO$bFondo$c2008-2015;$l2013-2014; 959 $aSE 979 $aVITTORIANA$b90$c20080728$lUSA01$h1350 979 $aVITTORIANA$b90$c20080728$lUSA01$h1351 979 $aVITTORIANA$b90$c20080728$lUSA01$h1352 979 $aMUSELLA$b90$c20130227$lUSA01$h0940 979 $aVITTORIANA$b90$c20151130$lUSA01$h1604 996 $aHarvard business review Italia$9795970 997 $aUNISA LEADER 01201nam0-2200397li-450 001 990000156340203316 005 20180918160652.0 010 $a0-90604-889-3 035 $a0015634 035 $aUSA010015634 035 $a(ALEPH)000015634USA01 035 $a0015634 100 $a20019950319831993993y0itay0103----ba 101 0 $aeng 102 $aGB 200 1 $aIndustrial microwave heating$fA. C. Metaxas, R. J. Meredith 210 $aLondon$cPeter Peregrinus$dcopyr. 1983 (stampa 1993) 225 2 $aPower Engineering Series$v4 410 0$12001$aPower Engineering Series 610 1 $aMicroonde 676 $a621.3813 700 1$aMETAXAS,$bA. C.$0745933 702 1$aMEREDITH,$bRoger 801 $aSistema bibliotecario di Ateneo dell' Università di Salerno$gRICA 912 $a990000156340203316 951 $a621.3813 MET$b0005678 959 $aBK 969 $aTEC 979 $c19950303 979 $c20001110$lUSA01$h1712 979 $c20020403$lUSA01$h1623 979 $aPATRY$b90$c20040406$lUSA01$h1611 979 $aPAOLA$b90$c20050208$lUSA01$h1002 979 $aPAOLA$b90$c20050208$lUSA01$h1004 996 $aIndustrial microwave heating$91488238 997 $aUNISA LEADER 01130nam--2200385---4500 001 990000912360203316 005 20050629103448.0 010 $a3-465-02910-0 035 $a0091236 035 $aUSA010091236 035 $a(ALEPH)000091236USA01 035 $a0091236 100 $a20020128d1996----km-y0ENGy0103----ba 101 $ager 102 $aDE 200 1 $aReprasentation bei Descartes$fDominik Perler 210 $aFrankfurt am Main$cV. Klostermann$dc1996 215 $aXII, 342 p.$d24 cm 225 2 $aPhilosophische Abhandlungen$v68 410 $12001$aPhilosophische Abhandlungen$v68 606 $aDescartes, René 606 $aIdea$xStoria 676 $a121.4092 700 1$aPERLER,$bDominik$0451090 801 0$aIT$bsalbc$gISBD 912 $a990000912360203316 951 $aII.1.C. 1177(IV C 2719)$b139506 LM$cIV C 959 $aBK 969 $aUMA 979 $aPATTY$b90$c20020128$lUSA01$h1312 979 $c20020403$lUSA01$h1735 979 $aPATRY$b90$c20040406$lUSA01$h1703 979 $aCOPAT5$b90$c20050629$lUSA01$h1034 996 $aReprasentation bei Descartes$9971187 997 $aUNISA